RF circuit design. (2nd ed.) (Record no. 56525)

MARC details
000 -LEADER
fixed length control field 00777nam a2200217 a 4500
008 - FIXED-LENGTH DATA ELEMENTS--GENERAL INFORMATION
fixed length control field 101104s2008 ||||||||||||||||| || u
020 ## - INTERNATIONAL STANDARD BOOK NUMBER
International Standard Book Number 9780750685184
050 ## - LIBRARY OF CONGRESS CALL NUMBER
Classification number TK 6553 Bow
100 ## - MAIN ENTRY--PERSONAL NAME
Personal name Bowick, Christopher
245 10 - TITLE STATEMENT
Title RF circuit design. (2nd ed.)
Statement of responsibility, etc. Christopher Bowick with John Blyer and Cheryl Ajluni
250 ## - EDITION STATEMENT
Edition statement 2nd ed.
260 ## - PUBLICATION, DISTRIBUTION, ETC.
Place of publication, distribution, etc. Amsterdam:
Name of publisher, distributor, etc. Elsevier
Date of publication, distribution, etc. 2008
300 ## - PHYSICAL DESCRIPTION
Extent xi, 243p.: ill.
350 ## - PRICE (NR) (BK AM CF MU VM SE) [OBSOLETE]
Price 0.00
650 ## - SUBJECT ADDED ENTRY--TOPICAL TERM
Topical term or geographic name entry element TELECOMMUNICATION
650 ## - SUBJECT ADDED ENTRY--TOPICAL TERM
Topical term or geographic name entry element RADIO CIRCUITS DESIGN AND CONSTRUCTION
650 ## - SUBJECT ADDED ENTRY--TOPICAL TERM
Topical term or geographic name entry element RADIO FREQUENCY
700 ## - ADDED ENTRY--PERSONAL NAME
Personal name Ajluni, Cheryl
700 ## - ADDED ENTRY--PERSONAL NAME
Personal name Blyer, John
995 ## - RECOMMENDATION 995 [LOCAL, UNIMARC FRANCE]
-- 0.00
-- CBU-MAIN LIBRARY (Kitwe)
-- 1
-- 0.00
-- 1
-- AVAILABLE
-- Nov 16, 2010
-- Main Library Open Access Collection
Holdings
Withdrawn status Lost status Source of classification or shelving scheme Damaged status Not for loan Home library Current library Shelving location Date acquired Total Checkouts Full call number Barcode Date last seen Price effective from Koha item type
          CBU-MAIN LIBRARY, KITWE. CBU-MAIN LIBRARY, KITWE.   11/30/2022   TK 6553 Bow 742143 11/30/2022 11/30/2022 MONOGRAPH